|
|
|
|
| LEADER |
00000nam a2200000 a 4500 |
| 001 |
vtls001222157 |
| 003 |
SK-MaSNL |
| 005 |
20260301154548.0 |
| 008 |
251113s1996 xo r slo |
| 015 |
|
|
|a SNBA1997/0100206
|
| 020 |
|
|
|a 8071183423
|
| 035 |
|
|
|a SNK000167592
|
| 035 |
|
|
|a urn:nbn:sk:snk-amltb6
|
| 035 |
|
|
|a urn:nbn:sk:snk-am00cdbh
|
| 035 |
|
|
|a 798D53E7-0C83-47DF-944B-EB8B895AA4FB
|
| 040 |
|
|
|a SNK
|b slo
|c SNK
|e AACR2
|
| 041 |
0 |
|
|a slo
|
| 044 |
|
|
|a xo
|c SK
|
| 080 |
|
|
|a 796.69(035)
|2 1981
|
| 100 |
1 |
|
|a Edwards, Chris
|4 aut
|9 43573
|
| 245 |
1 |
|
|a Mladý in-line korčuliar
|c Chris Edwards ; [z anglického originálu preložila Kristína Limbecková]
|
| 260 |
|
|
|a Bratislava
|b Ikar
|c 1996
|
| 300 |
|
|
|a 37 s.
|b Fotogr.
|c 29 cm
|
| 490 |
1 |
|
|a Lienka
|
| 500 |
|
|
|a Ilustr. na tit. strane, front. a predsádkach
|
| 500 |
|
|
|a Údaj o prekl. prevzatý z rubu tit. strany
|
| 504 |
|
|
|a Reg.
|
| 650 |
0 |
7 |
|a in-line korčuľovanie
|2 SNK
|9 62875
|
| 655 |
|
7 |
|a príručky
|2 SNK
|9 74364
|
| 700 |
1 |
|
|a Limbecková, Katarína
|4 trl
|9 238775
|
| 830 |
|
0 |
|a Lienka
|9 286485
|
| 919 |
|
|
|a 80-7118-342-3
|
| 958 |
|
|
|a TL
|
| 958 |
|
|
|a OP
|
| 958 |
|
|
|a NS
|
| 958 |
|
|
|a GB
|
| 968 |
|
|
|b ENG
|
| 999 |
|
|
|c 797274
|d 799204
|
| 952 |
|
|
|t P60, <09>, [BOOK], {629}
|a SNK
|b SNK
|y NEVYP
|7 0
|o snkB 1135
|i snk3944/961031
|0 0
|1 0
|4 0
|d 1996-10-29
|l 0
|r 2005-01-01 00:00:00
|w 2026-02-24
|
| 952 |
|
|
|t P60, <03>, [BOOK], {603}
|a SNK
|b SNK
|y PREZ
|7 0
|p 17A0016526
|o snkSB 56034
|i snkKSP 9297/96
|0 0
|1 0
|4 0
|d 1996-10-29
|f 1
|l 0
|r 2025-04-02 00:00:00
|w 2026-02-24
|
| 952 |
|
|
|t P60, <04>, [BOOK], {604}
|a SNK
|b SNK
|y VYP
|7 0
|p 17A0016646
|o snkSB 56034 D1
|i snkKSP 9388/96
|0 0
|1 0
|4 0
|d 1996-10-31
|l 0
|r 2005-01-01 00:00:00
|w 2026-02-24
|